000
00324nam a2200133Ia 4500
005
20260328101506.0
008
260328s9999||||xx |||||||||||||| ||und||
100
_a
Von Eckardt, Wolf
245
0
_a
Eric Mendelsohn /
_c
Wolf Von Eckardt
260
_b
George Brazilier
300
_a
128 p.
650
_a
ARQUITECTOS
942
_c
BK
999
_c
9040
_d
9040